000 00822nam a2200205Ii 4500
003 JO-AjNU
008 230605s9999||||xx |||||||||||||| ||und||
040 _aJO-AjNU
_bara
_erda
_cJO-AjNU
041 _aara
050 1 4 _aBP170.25.I263 2005
100 3 _aبن بيه،عبد الله بن الشيخ المحفوظ,
_eauthor
_917268
245 0 0 _aإعمال المصلحة في الوقف: سبيل الاستثمار الناجح للأوقاف ومضاعفة أجور الواقفين
250 _aط1
264 3 1 _aبيروت: مؤسسة الريان للطباعة والنشر والتوزيع، 2005
300 _a90ص
336 _atext
_btxt
_2rdacontent
337 _aunmediated
_bn
_2rdamedia
338 _avolume
_bnc
_2rdacarrier
650 4 _aالوقف- الاوقاف- العالم الاسلامي
_917269
999 _aA5298
_c8866
_d8866